Análisis químico cuantitativo
| Main Author: | |
|---|---|
| Format: | Section = Libro |
| Language: | Undetermined Spanish |
| Published: |
México
Harla
1970
|
| Subjects: |
| LEADER | 00459nam a2200181Ia 4500 | ||
|---|---|---|---|
| 008 | 240829s9999 xx 000 0 und d | ||
| 020 | |a 006-310050-9 | ||
| 040 | |a BIBLIOTECA-RUSB/ 545 A985 | ||
| 041 | |a spa | ||
| 082 | |a 545 A985 | ||
| 100 | 1 | |a Ayres, Gilberto H | |
| 245 | 1 | 0 | |a Análisis químico cuantitativo |
| 260 | |a México |b Harla |c 1970 | ||
| 300 | |a 740 p. :il. | ||
| 650 | 7 | |a QUIMICA ANALITICA CUANTITATIVA | |
| 942 | |c BK |2 ddc | ||
| 991 | |a TEXTO | ||
| 999 | |c 2456 | ||